|
|
|
|
| LEADER |
02211cas a2200313 a 4500 |
| 001 |
AALejournalIMF017488 |
| 008 |
230101c9999 xx r poo 0 0eng d |
| 020 |
|
|
|c 5.00 USD
|
| 020 |
|
|
|z 9781475583601
|
| 022 |
|
|
|a 2075-8669
|
| 040 |
|
|
|a BD-DhAAL
|c BD-DhAAL
|
| 100 |
1 |
|
|a Cotton, Margaret.
|
| 245 |
1 |
0 |
|a Use of Technology in Tax Administrations 1 :
|b Developing an Information Technology Strategic Plan (ITSP) /
|c Margaret Cotton, Gregory Dark.
|
| 264 |
|
1 |
|a Washington, D.C. :
|b International Monetary Fund,
|c 2017.
|
| 300 |
|
|
|a 1 online resource (19 pages)
|
| 490 |
1 |
|
|a Technical Notes and Manuals
|
| 500 |
|
|
|a <strong>Off-Campus Access:</strong> No User ID or Password Required
|
| 500 |
|
|
|a <strong>On-Campus Access:</strong> No User ID or Password Required
|
| 506 |
|
|
|a Electronic access restricted to authorized BRAC University faculty, staff and students
|
| 520 |
3 |
|
|a This technical note is the first of three addressing information technology (IT) themes and issues relevant to tax administrations. This note focuses on the use of technology in tax administrations and how to develop an information technology strategic plan (ITSP). It is intended for tax administrations that are largely manual or have outdated legacy IT systems. The second note addresses how to select an IT system for core tax administrations functions. And the third note covers implementation of a commercial-off-the-shelf (COTS) system. These technical notes are primarily for use by tax administrations that have no technology to manage their core tax processes, or their technology is limited and outdated. These notes focus on core tax functions and do not address other business systems (e.g., payroll, finance, document, and asset management systems).
|
| 538 |
|
|
|a Mode of access: Internet
|
| 650 |
|
7 |
|a Administration
|2 imf
|
| 650 |
|
7 |
|a IT Strategy
|2 imf
|
| 650 |
|
7 |
|a Legacy Information Technology
|2 imf
|
| 650 |
|
7 |
|a Tax Administration
|2 imf
|
| 650 |
|
7 |
|a TNM
|2 imf
|
| 700 |
1 |
|
|a Dark, Gregory.
|
| 830 |
|
0 |
|a Technical Notes and Manuals; Technical Notes and Manuals ;
|v No. 2017/001
|
| 856 |
4 |
0 |
|z Full text available on IMF
|u http://elibrary.imf.org/view/journals/005/2017/001/005.2017.issue-001-en.xml
|z IMF e-Library
|